<?xml version="1.0" encoding="UTF-8"?>
<record
    xmlns:xsi="http://www.w3.org/2001/XMLSchema-instance"
    xsi:schemaLocation="http://www.loc.gov/MARC21/slim http://www.loc.gov/standards/marcxml/schema/MARC21slim.xsd"
    xmlns="http://www.loc.gov/MARC21/slim">

  <leader>00567    a2200145   4500</leader>
  <datafield tag="245" ind1=" " ind2=" ">
    <subfield code="a">De profectione Ludovici VII in orientem</subfield>
    <subfield code="b"> :  Journey of Louis VII</subfield>
    <subfield code="h">print</subfield>
  </datafield>
  <datafield tag="650" ind1=" " ind2=" ">
    <subfield code="a">literature</subfield>
  </datafield>
  <controlfield tag="005">20191021095747.0</controlfield>
  <datafield tag="260" ind1=" " ind2=" ">
    <subfield code="a">nyu</subfield>
    <subfield code="b">Columbia Univ. Press</subfield>
    <subfield code="c">1948</subfield>
  </datafield>
  <datafield tag="084" ind1=" " ind2=" ">
    <subfield code="a">D162.1 .O3 1948a</subfield>
  </datafield>
  <datafield tag="300" ind1=" " ind2=" ">
    <subfield code="a">xliv, 154 p. maps, facsim. 23 cm.</subfield>
    <subfield code="b">xliv, 154 p. maps, facsim. 23 cm.</subfield>
    <subfield code="c">xliv, 154 p. maps, facsim. 23 cm.</subfield>
  </datafield>
  <datafield tag="500" ind1=" " ind2=" ">
    <subfield code="a">by Virginia Gingerick Berry [editor]</subfield>
  </datafield>
  <datafield tag="490" ind1=" " ind2=" ">
    <subfield code="a">Records of civilization: sources and studies, no. 42</subfield>
  </datafield>
  <datafield tag="999" ind1=" " ind2=" ">
    <subfield code="c">12643</subfield>
    <subfield code="d">12643</subfield>
  </datafield>
</record>
